UK Butterflies - Statistics

General Stats
  • This quiz has been taken 243 times
    238 since last reset
  • The average score is 19 of 72
Answer Stats
Butterflies % Correct
Red Admiral
73%
Peacock
64%
Large White
51%
Small White
51%
Brimstone
46%
Comma
46%
Monarch
46%
Painted Lady
46%
Small Tortoiseshell
46%
Meadow Brown
44%
Purple Emperor
43%
Swallowtail
43%
Common Blue
40%
Small Blue
40%
Large Blue
39%
Green-Veined White
38%
Orange Tip
38%
White Admiral
36%
Holly Blue
35%
Gatekeeper
34%
Large Tortoiseshell
34%
Green Hairstreak
33%
Speckled Wood
33%
Adonis Blue
32%
Purple Hairstreak
32%
Ringlet
31%
Small Skipper
30%
Large Skipper
29%
Small Copper
29%
Chalkhill Blue
28%
Marbled White
28%
Marsh Fritillary
28%
Silver-Studded Blue
26%
Wall
26%
Clouded Yellow
25%
Wood White
25%
Brown Hairstreak
24%
Dark Green Fritillary
24%
Essex Skipper
24%
Silver-Washed Fritillary
24%
Grizzled Skipper
21%
Pearl-Bordered Fritillary
21%
Duke of Burgundy
20%
Small Heath
20%
Black Hairstreak
18%
Brown Argus
18%
Dingy Skipper
18%
Grayling
18%
Large Copper
18%
Large Heath
18%
Scotch Argus
18%
White-Letter Hairstreak
18%
Camberwell Beauty
15%
Small Pearl-Bordered Fritillary
15%
Heath Fritillary
14%
Lulworth Skipper
14%
Queen of Spain Fritillary
13%
Glanville Fritillary
12%
High Brown Fritillary
12%
Chequered Skipper
11%
Mountain Ringlet
11%
Bath White
10%
Pale Clouded Yellow
10%
Cryptic Wood White
9%
Northern Brown Argus
9%
Silver-Spotted Skipper
7%
Black-Veined White
6%
Long-Tailed Blue
4%
Short-Tailed Blue
3%
Berger's Clouded Yellow
2%
Mazarine Blue
2%
Geranium Bronze
0%
No matching quizzes found
Score Distribution
Percent of People with Each Score
Percentile by Number Answered
Your Score History
You have not taken this quiz since the last reset